000 00416nam a2200181Ia 4500
001 2929
005 20260306144843.0
008 260306t2005||||xx |||||||||||||| ||spa||
041 _aESP
082 _a234
_bG67
100 _aGonzález de Cardedal, Olegario
_eAUT
245 0 _aCristología
260 _c2005
300 _a601 páginas :
_c21 cm.
650 _aGEN
654 _aCHU
942 _cLIB
_dJUS
_fJUS
_2ddc
_n
999 _c2929
_d2929